000 00897nam a2200265 i 4500
001 bg
100 1 _aSobek, Zbigniew.
245 1 0 _aZastosowanie informatyki w hodowli bydła :
_bSystem Wspomagania Zarządzania Stadem Krów Mlecznych FERMA /
_cZbigniew Sobek, Piotr Nowacki.
260 _aPoznań :
_bWydawnictwo Akademii Rolniczej im. Augusta Cieszkowskiego,
_c1997.
300 _a168 s. :
_bil. ;
_c24 cm.
521 _aSkrypt dla studentów Wydziału Zootechnicznego.
650 9 _aFERMA
_xoprogramowanie
650 9 _aBydło
_xhodowla
655 _aPodręczniki
700 1 _aNowacki, Piotr.
020 _a8371600461
040 _cBPK
041 0 _apol
044 _aPOL
080 _a636.2:004.42(07)
920 _a83-7160-046-1
942 _cKS
008 s pl f |000 0 pol
999 _c54967
_d54967
856 _uhttp://koha.tu.koszalin.pl/cgi-bin/koha/opac-detail.pl?biblionumber=54967
_yKatalog online BPK